[Event "St Petersburg-ch sf"]
[Site "St Petersburg"]
[Date "2002.??.??"]
[Round "2"]
[White "Arykin, Aleksey"]
[Black "Karasev, Vladimir I"]
[Result "1-0"]
[WhiteElo "2239"]
[BlackElo "2465"]
[PlyCount "67"]
[EventDate "2002.02.??"]
[EventType "swiss"]
[EventRounds "10"]
[EventCountry "RUS"]
[SourceTitle "EXT 2003"]
[Source "ChessBase"]
[SourceDate "2002.11.25"]
[SourceVersion "1"]
[SourceVersionDate "2002.11.25"]
[SourceQuality "1"]

1. e4 c5 2. Nf3 e6 3. d4 cxd4 4. Nxd4 Qb6 5. Nb3 Nf6 6. Nc3 Bb4 7. Bd3 Nc6 8. 0-0 0-0 9. Be3 Qc7 10. Nb5 Qb8 11. f4 a6 12. N5d4 Be7 13. e5 Nd5 14. Nxc6 bxc6 15. Bd4 f5 16. c4 Nb4 17. Be2 a5 18. a3 Na6 19. Nxa5 Qc7 20. Qe1 Rb8 21. Bc3 Bd8 22. Bd3 Qa7+ 23. Kh1 Bxa5 24. Bxa5 Rxb2 25. Qc3 Rb8 26. Rfb1 Rxb1+ 27. Rxb1 Bb7 28. Bb6 Qa8 29. c5 Rb8 30. Rd1 Bc8 31. Qd4 Kf7 32. Qd6 Qb7 33. Bd8 Kg6 34. g4 1-0

[Event "St Petersburg op"]
[Site "St Petersburg"]
[Date "2001.??.??"]
[Round "7"]
[White "Arykin, Aleksey"]
[Black "Timofeev, Andrei"]
[Result "0-1"]
[WhiteElo "2319"]
[BlackElo "2350"]
[PlyCount "74"]
[EventDate "2001.??.??"]
[EventType "swiss"]
[EventRounds "9"]
[EventCountry "RUS"]
[SourceTitle "EXT 2002"]
[Source "ChessBase"]
[SourceDate "2001.11.25"]
[SourceVersion "1"]
[SourceVersionDate "2001.11.25"]
[SourceQuality "1"]

1. e4 c6 2. d4 d5 3. Nc3 dxe4 4. Nxe4 Nf6 5. Nxf6+ gxf6 6. c3 Bf5 7. Ne2 e6 8. Nf4 Bd6 9. Qf3 Nd7 10. g4 Bg6 11. h4 Bxf4 12. Bxf4 h5 13. g5 Qa5 14. gxf6 Qf5 15. Bh3 Qe4+ 16. Qxe4 Bxe4 17. Rg1 Nxf6 18. Ke2 Nd5 19. Bd2 Ne7 20. Bg5 Rg8 21. Ke3 Bh7 22. Bxe7 Kxe7 23. Kf4 Kf6 24. Rg5 Bg6 25. Rag1 Rgd8 26. Bg2 Rd6 27. Bf3 Rh8 28. Ra5 a6 29. Rgg5 Rdd8 30. Ke3 Rh7 31. Rac5 Ke7 32. a4 Bf5 33. Be4 Bxe4 34. Kxe4 Rdh8 35. c4 Kd6 36. a5 Rb8 37. Rxh5 f5+ 0-1

[Event "Chigorin Memorial 07th"]
[Site "St Petersburg"]
[Date "1999.11.09"]
[Round "8"]
[White "Karasev, Vladimir I"]
[Black "Arykin, Aleksey"]
[Result "1-0"]
[WhiteElo "2373"]
[BlackElo "2262"]
[PlyCount "87"]
[EventDate "1999.11.02"]
[EventType "swiss"]
[EventRounds "9"]
[EventCountry "RUS"]
[SourceTitle "CBM 074"]
[Source "ChessBase"]
[SourceDate "2000.02.01"]
[SourceVersion "1"]
[SourceVersionDate "2000.02.01"]
[SourceQuality "1"]

1. d4 Nf6 2. c4 c5 3. d5 b5 4. cxb5 a6 5. bxa6 Bxa6 6. Nc3 g6 7. g3 d6 8. Bg2 Bg7 9. Nf3 0-0 10. 0-0 Nbd7 11. Qc2 Nb6 12. Rd1 Ne8 13. Bg5 Nc7 14. a4 Bb7 15. Qb3 Ncxd5 16. Nxd5 Bxd5 17. Rxd5 Nxd5 18. Qxd5 Bxb2 19. Ra2 Bg7 20. Nd2 Ra7 21. Nc4 Qb8 22. Qd3 Rd8 23. e4 Rdd7 24. a5 Rdb7 25. e5 Rb3 26. Qc2 Rb1+ 27. Bf1 d5 28. Nd2 Rbb7 29. Qxc5 Qxe5 30. Qc8+ Bf8 31. Bf4 Qf5 32. Qxf5 gxf5 33. Be3 Ra8 34. a6 Rc7 35. Nf3 e6 36. Rb2 Bc5 37. Rb7 Ra7 38. Bxc5 Raxb7 39. axb7 Rxb7 40. Bd4 Kf8 41. Bf6 Kg8 42. Kg2 Kf8 43. Be2 Kg8 44. Ne5 1-0

[Event "St Petersburg-ch"]
[Site "St Petersburg"]
[Date "1999.04.14"]
[Round "9"]
[White "Arykin, Aleksey"]
[Black "Ivanov, Vladimir Ivanovich"]
[Result "1-0"]
[WhiteElo "2162"]
[BlackElo "2423"]
[PlyCount "73"]
[EventDate "1999.04.??"]
[EventType "swiss"]
[EventRounds "9"]
[EventCountry "RUS"]
[SourceTitle "CBM 070 Extra"]
[Source "ChessBase"]
[SourceDate "1999.07.10"]
[SourceVersion "1"]
[SourceVersionDate "1999.07.10"]
[SourceQuality "1"]

1. e4 c5 2. Nf3 Nc6 3. Bb5 e6 4. 0-0 Nge7 5. Re1 a6 6. Bf1 d5 7. exd5 Nxd5 8. d4 cxd4 9. Nxd4 Ndb4 10. Nxc6 Qxd1 11. Rxd1 Nxc6 12. Nc3 Bc5 13. Ne4 Ba7 14. b3 0-0 15. Ba3 Rd8 16. Rxd8+ Nxd8 17. Rd1 Nc6 18. g3 e5 19. Bc4 Bg4 20. Rd6 h6 21. c3 Rd8 22. Rxd8+ Nxd8 23. Bd6 Bf5 24. Bd3 Nc6 25. Nf6+ gxf6 26. Bxf5 Bb8 27. Bxb8 Nxb8 28. Kg2 b6 29. Bd3 Kf8 30. Kf3 Ke7 31. Kg4 Ke6 32. Bc4+ Ke7 33. b4 b5 34. Bd5 Kd6 35. Bxf7 Nd7 36. Kf5 Ke7 37. Bb3 1-0

[Event "St Petersburg-ch"]
[Site "St Petersburg"]
[Date "1999.04.05"]
[Round "3"]
[White "Sepman, Yulius"]
[Black "Arykin, Aleksey"]
[Result "1-0"]
[WhiteElo "2138"]
[BlackElo "2162"]
[PlyCount "117"]
[EventDate "1999.04.??"]
[EventType "swiss"]
[EventRounds "9"]
[EventCountry "RUS"]
[SourceTitle "CBM 070 Extra"]
[Source "ChessBase"]
[SourceDate "1999.07.10"]
[SourceVersion "1"]
[SourceVersionDate "1999.07.10"]
[SourceQuality "1"]

1. e4 e5 2. Nf3 Nc6 3. Bb5 a6 4. Ba4 Nf6 5. Bxc6 dxc6 6. d3 Bd6 7. Nbd2 Be6 8. 0-0 Qe7 9. d4 Bg4 10. Qe1 0-0 11. b3 Rfe8 12. dxe5 Bxe5 13. Nxe5 Qxe5 14. Rb1 Rad8 15. Qe3 Bc8 16. f3 Nd5 17. Qf2 Nb4 18. Nc4 Qd4 19. Qxd4 Rxd4 20. c3 Rxc4 21. bxc4 Nd3 22. Rd1 Nc5 23. Bf4 Ne6 24. Be3 f6 25. c5 Kf7 26. Kf2 Nf8 27. Bf4 Ne6 28. Be3 Nf8 29. Rd2 Nd7 30. Bd4 Nf8 31. a3 Ne6 32. Be3 Nf8 33. h4 h5 34. Rbd1 Ke7 35. Rb1 Kf7 36. Rb4 Ng6 37. g3 Nf8 38. Rd1 Ne6 39. Rbb1 Nf8 40. Rb2 Ne6 41. Rdd2 Rh8 42. Rb4 Ke7 43. f4 Nf8 44. Rb1 Ng6 45. Rb4 Re8 46. f5 Ne5 47. Bf4 Rf8 48. Bxe5 fxe5 49. Ke3 g6 50. Rf2 gxf5 51. exf5 Kf6 52. g4 hxg4 53. Rxg4 Rh8 54. Ke4 Rh5 55. Rg6+ Kf7 56. Kxe5 Bd7 57. Rf4 b6 58. Rf6+ Ke7 59. Rg4 1-0

[Event "St Petersburg White Nights op"]
[Site "St Petersburg"]
[Date "1999.??.??"]
[Round "7"]
[White "Arykin, Aleksey"]
[Black "Kryschilovskij, Andrej"]
[Result "1-0"]
[WhiteElo "2162"]
[BlackElo "2391"]
[PlyCount "55"]
[EventDate "1999.06.??"]
[EventType "swiss"]
[EventRounds "9"]
[EventCountry "RUS"]
[SourceTitle "EXT 2000"]
[Source "ChessBase"]
[SourceDate "1999.11.16"]
[SourceVersion "1"]
[SourceVersionDate "1999.11.16"]
[SourceQuality "1"]

1. e4 c5 2. Nf3 Nc6 3. Bb5 g6 4. Bxc6 bxc6 5. 0-0 Bg7 6. Re1 Nf6 7. e5 Nd5 8. c4 Nc7 9. d4 cxd4 10. Qxd4 0-0 11. Qh4 f6 12. exf6 exf6 13. c5 d6 14. cxd6 Qxd6 15. Bf4 Qd8 16. Nc3 Nd5 17. Nxd5 Qxd5 18. Rad1 Qxa2 19. Bd6 Rd8 20. Be7 Rxd1 21. Rxd1 Qe6 22. Rd8+ Kf7 23. Qxh7 Kxe7 24. Rg8 Rb8 25. h3 Rxb2 26. Qxg7+ Kd6 27. Rf8 Qe2 28. Qxf6+ 1-0

[Event "St Petersburg White Nights op"]
[Site "St Petersburg"]
[Date "1999.??.??"]
[Round "4"]
[White "Monin, Nikolay"]
[Black "Arykin, Aleksey"]
[Result "0-1"]
[WhiteElo "2373"]
[BlackElo "2162"]
[PlyCount "138"]
[EventDate "1999.06.??"]
[EventType "swiss"]
[EventRounds "9"]
[EventCountry "RUS"]
[SourceTitle "EXT 2000"]
[Source "ChessBase"]
[SourceDate "1999.11.16"]
[SourceVersion "1"]
[SourceVersionDate "1999.11.16"]
[SourceQuality "1"]

1. c4 c5 2. Nc3 Nf6 3. e3 g6 4. Nf3 Bg7 5. d4 cxd4 6. exd4 d5 7. h3 0-0 8. Be2 Nc6 9. 0-0 Bf5 10. Bf4 Rc8 11. c5 Ne4 12. Rc1 Re8 13. a3 h6 14. b4 g5 15. Bh2 g4 16. hxg4 Bxg4 17. Ne5 Bxe2 18. Nxe2 Nxe5 19. Bxe5 f6 20. Bh2 e5 21. f3 Ng5 22. Nc3 e4 23. f4 Nf7 24. f5 Qd7 25. Qa4 Qxa4 26. Nxa4 h5 27. Bf4 Nh6 28. Bd6 e3 29. Rce1 Ng4 30. Nc3 Bf8 31. Nxd5 Bxd6 32. cxd6 Rcd8 33. Rf3 Rxd6 34. Nxe3 Rxd4 35. Rd1 Rxd1+ 36. Nxd1 Kg7 37. g3 Kh6 38. Nc3 Re5 39. Kg2 Ne3+ 40. Kf2 Nxf5 41. Ne4 Kg6 42. Nc5 b6 43. Nd3 Re4 44. Nf4+ Kg5 45. Nxh5 Rc4 46. Nf4 Rc2+ 47. Ke1 Kg4 48. Rd3 Nxg3 49. Nd5 Re2+ 50. Kd1 Re6 51. b5 f5 52. a4 f4 53. Nxf4 Kxf4 54. Rd7 Nf5 55. Rxa7 Ne3+ 56. Kd2 Nc4+ 57. Kc3 Na5 58. Rh7 Ke5 59. Rh5+ Kd6 60. Kd4 Nb3+ 61. Kc4 Na5+ 62. Kd4 Rg6 63. Rd5+ Kc7 64. Rh5 Rg4+ 65. Kd5 Rxa4 66. Rh7+ Kb8 67. Rh6 Ka7 68. Rh7+ Nb7 69. Rh5 Rb4 0-1

[Event "St Petersburg White Nights op"]
[Site "St Petersburg"]
[Date "1999.??.??"]
[Round "9"]
[White "Petrov, A."]
[Black "Arykin, Aleksey"]
[Result "0-1"]
[WhiteElo "2030"]
[BlackElo "2162"]
[PlyCount "134"]
[EventDate "1999.06.??"]
[EventType "swiss"]
[EventRounds "9"]
[EventCountry "RUS"]
[SourceTitle "EXT 2000"]
[Source "ChessBase"]
[SourceDate "1999.11.16"]
[SourceVersion "1"]
[SourceVersionDate "1999.11.16"]
[SourceQuality "1"]

1. e4 e5 2. Nf3 Nc6 3. Bb5 a6 4. Ba4 Nf6 5. 0-0 Be7 6. Re1 b5 7. Bb3 0-0 8. h3 d6 9. c3 Na5 10. Bc2 c5 11. d4 cxd4 12. cxd4 Bb7 13. d5 Ne8 14. g4 g6 15. Bh6 Ng7 16. b3 Bc8 17. Kh2 f6 18. Nbd2 Nb7 19. Rg1 Qd7 20. Nf1 Nd8 21. Ng3 Nf7 22. Bxg7 Kxg7 23. Nd2 Kh8 24. Ndf1 Bd8 25. f3 Bb6 26. Rh1 h5 27. Kg2 h4 28. Ne2 Qe7 29. Qd2 Qa7 30. Qe1 g5 31. Bd3 Bd7 32. Rc1 Kg7 33. Rc2 Nh8 34. Qb1 Rac8 35. Nd2 Rxc2 36. Bxc2 Be3 37. Rd1 Ng6 38. Nf1 Rc8 39. Bd3 b4 40. Bc4 Bb5 41. Bd3 Bxd3 42. Qxd3 Rc3 43. Nxe3 Rxd3 44. Rxd3 Qc5 45. Kf1 a5 46. Kg2 Qb5 47. Rd2 Qc5 48. Rd3 Kf8 49. Nc4 Ke7 50. Rd2 a4 51. Rc2 axb3 52. axb3 Qa7 53. Rd2 Qa1 54. Rc2 Qb1 55. Rb2 Qe1 56. Ne3 Nf4+ 57. Nxf4 Qg3+ 58. Kh1 Qxf4 59. Nf5+ Kd7 60. Kg2 Qc1 61. Re2 Qc3 62. Ra2 Qxb3 63. Ra7+ Kd8 64. Ne7 Qc2+ 65. Kg1 b3 66. Nc6+ Kc8 67. Ne7+ Kb8 0-1